Australian Cricket - Statistics

General Stats
  • This quiz has been taken 31 times
  • The average score is 5 of 10
Answer Stats
Question Answer % Correct
How many 6s did Sir Donald Bradman get in his test match career? 6
67%
Ian Craig is the youngest cricket captain. but at what age? 22
56%
What Was unusual when Dennis Lillee came out to bat in 1979? He came out using an aluminium bat.
56%
What Was Interesting About George Bailey? He Captained on his international Debut
56%
Where Was The First Test Match In Australia? MCG
56%
TRUE OR FALSE? Australia Was The First team to use 8 ball overs. TRUE
56%
How Many Coaches Have There Been For Australia? 8
44%
TRUE OR FALSE? Australia is the only Country To host a 7 Test Match Series. TRUE
33%
Who Was The First Ever Captain For Australia In 1877? David Gregory
22%
TRUE OR FALSE? Australia has won the ashes series twice from losing the series 0-2. FALSE
22%
No matching quizzes found
Score Distribution
Percent of People with Each Score
Percentile by Number Answered
Your Score History
You have not taken this quiz